[Event "Pojedinacno zensko prvenstvo Centralne S"]
[Site "Valjevo"]
[Date "2010.11.08"]
[Round "1.4"]
[White "Milosavljevic, Marija"]
[Black "Urosevic, Marija"]
[Result "1/2-1/2"]
[WhiteElo "1910"]
[BlackElo "2061"]
[PlyCount "41"]
[EventDate "2010.11.08"]

1. c4 c5 2. Nc3 Nc6 3. g3 b6 4. Bg2 Bb7 5. e4 Nd4 6. Nge2 g6 7. Nxd4 cxd4 8.
Ne2 e5 9. O-O Bg7 10. d3 Ne7 11. f4 d6 12. Bh3 O-O 13. f5 gxf5 14. exf5 f6 15.
g4 d5 16. b3 Kh8 17. Ng3 dxc4 18. bxc4 Rf7 19. Bg2 Bxg2 20. Kxg2 Nc8 21. Ne4
1/2-1/2

[Event "Pojedinacno zensko prvenstvo Centralne S"]
[Site "Valjevo"]
[Date "2010.11.08"]
[Round "1.1"]
[White "Maksimovic, Suzana"]
[Black "Eric, Jovana"]
[Result "0-1"]
[WhiteElo "2208"]
[BlackElo "2211"]
[PlyCount "70"]
[EventDate "2010.11.08"]

1. Nf3 d5 2. g3 Bg4 3. Bg2 c6 4. O-O Nd7 5. d3 e6 6. Nbd2 Bd6 7. h3 Bh5 8. b3
Ngf6 9. Bb2 O-O 10. Qe1 e5 11. e4 Re8 12. Nh4 dxe4 13. dxe4 Qc7 14. Nc4 Bf8 15.
Nf5 Bg6 16. Rd1 b5 17. Qa5 Nb6 18. Ncd6 Re6 19. c4 Bxf5 20. exf5 Rxd6 21. Bxe5
bxc4 22. bxc4 Nfd7 23. Bf4 Rd8 24. f6 g6 25. c5 Nxc5 26. Rc1 Ne6 27. Rxc6 Qb8
28. Bxd6 Bxd6 29. Rd1 Be5 30. Re1 Bxf6 31. h4 Bd4 32. Qa3 Nd7 33. Re2 Ne5 34.
Rc1 Nd3 35. Rf1 Qxg3 0-1

[Event "Pojedinacno zensko prvenstvo Centralne S"]
[Site "Valjevo"]
[Date "2010.11.08"]
[Round "1.2"]
[White "Petrovic, Marija"]
[Black "Benderac, Ana"]
[Result "0-1"]
[WhiteElo "2214"]
[BlackElo "2283"]
[PlyCount "82"]
[EventDate "2010.11.08"]

1. d4 g6 2. Nf3 Bg7 3. Bf4 d6 4. c3 Nf6 5. h3 O-O 6. Nbd2 Nbd7 7. e4 Nh5 8. Be3
e5 9. dxe5 dxe5 10. Bc4 Nf4 11. g3 Ng2+ 12. Kf1 Nxe3+ 13. fxe3 Nb6 14. Bb3 a5
15. a3 Qe7 16. Kg2 Bd7 17. Qe2 a4 18. Ba2 Bc6 19. Rhf1 Rad8 20. Rf2 Kh8 21.
Raf1 f6 22. Kh2 Rd7 23. Bb1 Rfd8 24. Bc2 Qc5 25. Rc1 Bh6 26. Nf1 Bb5 27. Qe1
Nc4 28. Nd4 exd4 29. cxd4 Qe7 30. Qc3 Nb6 31. Nd2 Bg7 32. Bd1 f5 33. Bf3 Rxd4
34. exd4 Bxd4 35. Qc2 Bxf2 36. Nf1 Bd4 37. Kg2 fxe4 38. Bxe4 Rf8 39. Bf3 Rxf3
40. Kxf3 Bc6+ 41. Kg4 h5+ 0-1

[Event "Pojedinacno zensko prvenstvo Centralne S"]
[Site "Valjevo"]
[Date "2010.11.08"]
[Round "1.3"]
[White "Paramentic, Mila"]
[Black "Milosavljevic, Milica"]
[Result "1/2-1/2"]
[WhiteElo "1970"]
[BlackElo "1866"]
[PlyCount "164"]
[EventDate "2010.11.08"]

1. e4 c5 2. Nc3 Nc6 3. g3 g6 4. d3 Bg7 5. Bg2 d6 6. Be3 e6 7. Qd2 Qa5 8. Nge2
Nd4 9. Nc1 Bd7 10. O-O Ne7 11. Nb3 Qc7 12. Nd1 O-O 13. c3 Nxb3 14. axb3 Rfe8
15. d4 Rad8 16. Rxa7 Bb5 17. Re1 Ba6 18. d5 exd5 19. exd5 Nc8 20. Ra8 f5 21.
Bg5 Rxe1+ 22. Qxe1 Rf8 23. Qe6+ Kh8 24. Bf1 h6 25. Bd2 Kh7 26. h4 Bxf1 27. Kxf1
Qe7 28. Qxe7 Nxe7 29. Rxf8 Bxf8 30. c4 Ng8 31. b4 cxb4 32. Bxb4 g5 33. hxg5
hxg5 34. Nc3 Nf6 35. f3 g4 36. Kf2 Kg6 37. Nb5 gxf3 38. Bxd6 Ne4+ 39. Kxf3 Nxd6
40. Na3 Ne4 41. Nb1 Bd6 42. g4 Ng5+ 43. Kg2 fxg4 44. Nc3 Kf5 45. Nb5 Bc5 46. d6
Nf7 47. d7 Be7 48. Kg3 Bd8 49. b3 Bg5 50. Nd4+ Ke5 51. Nb5 Nh6 52. c5 Ke6 53.
b4 Kxd7 54. Nd6 Kc6 55. Ne4 Bc1 56. Nd6 Ba3 57. b5+ Kc7 58. Ne4 Bxc5 59. Nxc5
Kb6 60. Ne4 Kxb5 61. Kf4 b6 62. Kg5 Kc4 63. Kxh6 Kd4 64. Nd6 Ke3 65. Kg5 Kf3
66. Nf5 b5 67. Nd4+ Ke3 68. Nf5+ Kd3 69. Kxg4 b4 70. Nd6 b3 71. Nb5 Kc4 72.
Na3+ Kc3 73. Kf3 Kb2 74. Nc4+ Kc3 75. Na3 Kb2 76. Nc4+ Kc3 77. Na3 b2 78. Ke2
Kb3 79. Nb1 Kc2 80. Nd2 Kc1 81. Kd3 b1=Q+ 82. Nxb1 Kxb1 1/2-1/2

[Event "Pojedinacno zensko prvenstvo Centralne S"]
[Site "Valjevo"]
[Date "2010.11.09"]
[Round "2.2"]
[White "Milosavljevic, Milica"]
[Black "Milosavljevic, Marija"]
[Result "1/2-1/2"]
[WhiteElo "1866"]
[BlackElo "1910"]
[PlyCount "20"]
[EventDate "2010.11.08"]

1. e4 c5 2. Nf3 d6 3. d4 cxd4 4. Nxd4 Nf6 5. Nc3 a6 6. Be2 e5 7. Nf3 h6 8. O-O
Be7 9. h3 Be6 10. Be3 O-O 1/2-1/2

[Event "Pojedinacno zensko prvenstvo Centralne S"]
[Site "Valjevo"]
[Date "2010.11.09"]
[Round "2.3"]
[White "Benderac, Ana"]
[Black "Paramentic, Mila"]
[Result "1-0"]
[WhiteElo "2283"]
[BlackElo "1970"]
[PlyCount "59"]
[EventDate "2010.11.08"]

1. e4 e5 2. Nf3 Nc6 3. Bc4 Nf6 4. O-O Bc5 5. d4 exd4 6. e5 Ng8 7. c3 d5 8. exd6
Bxd6 9. Re1+ Nge7 10. Ng5 Ne5 11. Rxe5 Bxe5 12. Nxf7 Qd7 13. Nxe5 Qf5 14. Bf7+
Kf8 15. Qxd4 Be6 16. g4 Qf6 17. Nd2 Nc6 18. Nxc6 Bxf7 19. Ne5 Be6 20. Ne4 Rd8
21. Nxf6 Rxd4 22. Nxh7+ Rxh7 23. cxd4 Rh4 24. Bg5 Rh3 25. Kg2 Rh7 26. Kg3 Bd5
27. Re1 c6 28. h4 Bxa2 29. Ra1 Bd5 30. Rxa7 1-0

[Event "Pojedinacno zensko prvenstvo Centralne S"]
[Site "Valjevo"]
[Date "2010.11.09"]
[Round "2.1"]
[White "Eric, Jovana"]
[Black "Urosevic, Marija"]
[Result "1-0"]
[WhiteElo "2211"]
[BlackElo "2061"]
[PlyCount "67"]
[EventDate "2010.11.08"]

1. e4 c5 2. Nf3 e6 3. d4 cxd4 4. Nxd4 a6 5. c4 Qc7 6. Nc3 Nf6 7. Qc2 d6 8. Be2
Nbd7 9. Be3 b6 10. O-O Bb7 11. Rfc1 Be7 12. a4 Rc8 13. f3 Qb8 14. a5 Bd8 15.
Nb3 d5 16. exd5 exd5 17. cxd5 b5 18. Qd2 Bc7 19. Kh1 O-O 20. Nd4 b4 21. Ne4
Nxd5 22. Nf5 Be5 23. Rxc8 Rxc8 24. Bxa6 Nxe3 25. Ne7+ Kf8 26. Bxb7 Nc4 27. Qxd7
Rc7 28. Qd5 Kxe7 29. a6 Qa7 30. Rc1 Qe3 31. Rd1 Qf4 32. Qd8+ Ke6 33. Bc8+ Rxc8
34. Qd7# 1-0

[Event "Pojedinacno zensko prvenstvo Centralne S"]
[Site "Valjevo"]
[Date "2010.11.09"]
[Round "2.4"]
[White "Maksimovic, Suzana"]
[Black "Petrovic, Marija"]
[Result "1-0"]
[WhiteElo "2208"]
[BlackElo "2214"]
[PlyCount "83"]
[EventDate "2010.11.08"]

1. d4 d5 2. c4 e6 3. Nc3 a6 4. cxd5 exd5 5. Nf3 c6 6. Qc2 Nd7 7. Bf4 Ne7 8. e3
Ng6 9. Bg3 Nf6 10. Bd3 Bd6 11. O-O-O O-O 12. Bxd6 Qxd6 13. h3 Re8 14. Kb1 b5
15. g4 c5 16. dxc5 Qxc5 17. g5 Ne4 18. Nxe4 Qxc2+ 19. Bxc2 dxe4 20. Nd2 Bb7 21.
Nb3 Nf8 22. Nc5 Bc6 23. Rd6 Rec8 24. Rc1 a5 25. Bxe4 Bxe4+ 26. Nxe4 Rxc1+ 27.
Kxc1 Ng6 28. Rd5 b4 29. Kd2 Kf8 30. f4 Ke7 31. Kd3 Nf8 32. Nc5 Ra7 33. h4 f6
34. Kc4 Ng6 35. h5 Nh4 36. Kb5 fxg5 37. Kb6 Ra8 38. fxg5 Rb8+ 39. Kc7 Re8 40.
e4 h6 41. Re5+ Kf7 42. g6+ 1-0

[Event "Pojedinacno zensko prvenstvo Centralne S"]
[Site "Valjevo"]
[Date "2010.11.10"]
[Round "3.1"]
[White "Petrovic, Marija"]
[Black "Eric, Jovana"]
[Result "1/2-1/2"]
[WhiteElo "2214"]
[BlackElo "2211"]
[PlyCount "43"]
[EventDate "2010.11.08"]

1. d4 d5 2. Nf3 Nf6 3. e3 c6 4. h3 Bf5 5. Bd3 Bxd3 6. Qxd3 Nbd7 7. Nbd2 e6 8.
c4 Bd6 9. O-O O-O 10. e4 dxe4 11. Nxe4 Be7 12. Rd1 Nxe4 13. Qxe4 Nf6 14. Qc2
Qc7 15. Be3 Rad8 16. a3 h6 17. Rac1 c5 18. Qe2 Rfe8 19. dxc5 Bxc5 20. Bxc5 Qxc5
21. b4 Qc7 22. Ne5 1/2-1/2

[Event "Pojedinacno zensko prvenstvo Centralne S"]
[Site "Valjevo"]
[Date "2010.11.10"]
[Round "3.4"]
[White "Urosevic, Marija"]
[Black "Milosavljevic, Milica"]
[Result "1/2-1/2"]
[WhiteElo "2061"]
[BlackElo "1866"]
[PlyCount "38"]
[EventDate "2010.11.08"]

1. d4 Nf6 2. c4 g6 3. Nc3 Bg7 4. e4 d6 5. f3 e5 6. d5 Nh5 7. Be3 f5 8. exf5
gxf5 9. Qd2 Qh4+ 10. Qf2 Qxf2+ 11. Bxf2 a5 12. Nge2 Na6 13. O-O-O Bd7 14. h3
O-O-O 15. g4 Bh6+ 16. Kb1 Nf4 17. Ng3 Rdf8 18. Be3 Rhg8 19. Rd2 Bg5 1/2-1/2

[Event "Pojedinacno zensko prvenstvo Centralne S"]
[Site "Valjevo"]
[Date "2010.11.10"]
[Round "3.2"]
[White "Paramentic, Mila"]
[Black "Maksimovic, Suzana"]
[Result "1/2-1/2"]
[WhiteElo "1970"]
[BlackElo "2208"]
[PlyCount "63"]
[EventDate "2010.11.08"]

1. e4 c5 2. Nc3 Nc6 3. g3 g6 4. d3 Bg7 5. Be3 d6 6. Bg2 Rb8 7. Qd2 b5 8. Nge2
Nd4 9. O-O b4 10. Nd1 Nxe2+ 11. Qxe2 Nf6 12. h3 O-O 13. Qd2 a5 14. Bh6 a4 15.
Bxg7 Kxg7 16. Ne3 Ba6 17. Rfd1 Qb6 18. Kh2 Bb7 19. f4 Qc7 20. f5 d5 21. exd5
Qe5 22. d4 cxd4 23. Qxd4 Qxd4 24. Rxd4 Bc8 25. Rf1 Rd8 26. fxg6 hxg6 27. Rfd1
Rb5 28. R1d2 Rh8 29. Bf1 Rb8 30. c3 bxc3 31. bxc3 Bd7 32. Rb4 1/2-1/2

[Event "Pojedinacno zensko prvenstvo Centralne S"]
[Site "Valjevo"]
[Date "2010.11.10"]
[Round "3.3"]
[White "Milosavljevic, Marija"]
[Black "Benderac, Ana"]
[Result "0-1"]
[WhiteElo "1910"]
[BlackElo "2283"]
[PlyCount "82"]
[EventDate "2010.11.08"]

1. c4 Nf6 2. Nc3 d5 3. cxd5 Nxd5 4. g3 g6 5. Bg2 Nb6 6. Nf3 Bg7 7. O-O O-O 8.
d3 Nc6 9. Be3 h6 10. Rc1 e5 11. Nd2 Nd4 12. Nc4 c6 13. b4 Be6 14. Na5 Rb8 15.
f4 Nd5 16. Nxd5 Bxd5 17. Bxd5 Qxd5 18. a3 Rfe8 19. Bxd4 Qxd4+ 20. Kh1 exf4 21.
Rxf4 Qb2 22. Rc2 Qxa3 23. Nc4 Qxb4 24. Ne5 Qe7 25. Ng4 f5 26. Nf2 c5 27. Qb1
Bd4 28. Qa2+ Qe6 29. Qa3 b5 30. e4 b4 31. Qa4 b3 32. Rc1 Be3 33. exf5 Qe5 34.
Ne4 Bxf4 35. Rxc5 Qxc5 36. Nxc5 b2 37. Qc4+ Kh8 38. Qxf4 b1=Q+ 39. Kg2 Rb2+ 40.
Kh3 Rxh2+ 41. Kg4 Qd1+ 0-1

[Event "Pojedinacno zensko prvenstvo Centralne S"]
[Site "Valjevo"]
[Date "2010.11.11"]
[Round "4.2"]
[White "Benderac, Ana"]
[Black "Urosevic, Marija"]
[Result "1-0"]
[WhiteElo "2283"]
[BlackElo "2061"]
[PlyCount "47"]
[EventDate "2010.11.08"]

1. c4 c5 2. Nc3 b6 3. Nf3 Bb7 4. e4 d6 5. d4 cxd4 6. Nxd4 g6 7. Be3 Bg7 8. Qd2
Nf6 9. f3 Nbd7 10. Bh6 O-O 11. h4 Nh5 12. O-O-O Be5 13. g4 Ng7 14. f4 Bxd4 15.
Qxd4 f6 16. h5 Rf7 17. hxg6 hxg6 18. Qe3 Nc5 19. b4 Nce6 20. f5 gxf5 21. gxf5
Nxf5 22. exf5 Bxh1 23. fxe6 Rh7 24. Bd3 1-0

[Event "Pojedinacno zensko prvenstvo Centralne S"]
[Site "Valjevo"]
[Date "2010.11.11"]
[Round "4.1"]
[White "Eric, Jovana"]
[Black "Milosavljevic, Milica"]
[Result "1-0"]
[WhiteElo "2211"]
[BlackElo "1866"]
[PlyCount "89"]
[EventDate "2010.11.08"]

1. e4 d5 2. exd5 Qxd5 3. Nf3 Nf6 4. Be2 c6 5. O-O Bg4 6. h3 Bxf3 7. Bxf3 Qa5 8.
d4 e6 9. c4 Bd6 10. Bd2 Qc7 11. Bg5 Nbd7 12. Nc3 a6 13. d5 cxd5 14. cxd5 e5 15.
Rc1 Qb6 16. Na4 Qa5 17. a3 b5 18. Bxf6 Nxf6 19. Nc5 Bxc5 20. Rxc5 O-O 21. Qc2
Rad8 22. Ra1 Rfe8 23. b4 Qb6 24. Re1 Nd7 25. Rc6 Qb7 26. Qc3 Rc8 27. Bg4 Red8
28. Rc1 Rb8 29. Rc7 Qxd5 30. Rd1 Qa2 31. Rcxd7 Rxd7 32. Rxd7 Qb1+ 33. Kh2 Re8
34. Qf3 Qa2 35. Qe3 g6 36. Rd2 Qc4 37. Qd3 Qf4+ 38. g3 Qf6 39. Qd7 Rf8 40. Qd6
Qg5 41. Re2 h5 42. Rxe5 Qc1 43. Bxh5 gxh5 44. Qf6 Rc8 45. Rxh5 1-0

[Event "Pojedinacno zensko prvenstvo Centralne S"]
[Site "Valjevo"]
[Date "2010.11.11"]
[Round "4.3"]
[White "Maksimovic, Suzana"]
[Black "Milosavljevic, Marija"]
[Result "1-0"]
[WhiteElo "2208"]
[BlackElo "1910"]
[PlyCount "59"]
[EventDate "2010.11.08"]

1. d4 Nf6 2. c4 g6 3. Nc3 Bg7 4. e4 d6 5. f3 e5 6. Nge2 exd4 7. Nxd4 O-O 8. Be2
c6 9. O-O Re8 10. Nc2 Na6 11. Kh1 Nc7 12. Bf4 Bf8 13. Qd2 Nh5 14. Bg5 f6 15.
Be3 Be6 16. f4 Ng7 17. f5 gxf5 18. Nd4 Qe7 19. Rae1 d5 20. exd5 cxd5 21. Nxe6
Qxe6 22. Bf4 Qf7 23. Bxc7 Qxc7 24. Nxd5 Qf7 25. Qh6 Re6 26. Bf3 Ne8 27. Qh4 Bd6
28. Bh5 Qd7 29. Rxe6 Qxe6 30. Bxe8 1-0

[Event "Pojedinacno zensko prvenstvo Centralne S"]
[Site "Valjevo"]
[Date "2010.11.11"]
[Round "4.4"]
[White "Petrovic, Marija"]
[Black "Paramentic, Mila"]
[Result "1-0"]
[WhiteElo "2214"]
[BlackElo "1970"]
[PlyCount "107"]
[EventDate "2010.11.08"]

1. d4 Nf6 2. Nf3 e6 3. e3 b6 4. Bd3 Bb7 5. Nbd2 Be7 6. O-O d5 7. Ne5 O-O 8. f4
c5 9. c3 Nbd7 10. Qf3 Re8 11. Qh3 Nf8 12. g4 c4 13. Bc2 b5 14. g5 Ne4 15. Nxe4
dxe4 16. Qg2 Qd5 17. Ng4 Nd7 18. Bd2 a5 19. Be1 b4 20. Bh4 b3 21. Bb1 bxa2 22.
Rxa2 Ra7 23. Nf2 f5 24. gxf6 Bxf6 25. Bxe4 Qb5 26. Bg3 Bd5 27. Rfa1 a4 28. Qh3
g6 29. Bc2 Nb6 30. Qg4 Bg7 31. e4 Bb7 32. Qg5 Qxg5 33. fxg5 Rea8 34. Bc7 Ra6
35. Nd1 Bc6 36. Ne3 Bb5 37. Kg2 Nd7 38. Ng4 R8a7 39. Bf4 Bf8 40. Bc1 Be7 41.
Bd1 Bc6 42. Bf3 Ra5 43. h4 Kg7 44. Ne3 Nb6 45. Nc2 Bb7 46. Be3 Ra8 47. d5 Bc5
48. Nd4 Bc8 49. dxe6 Kf8 50. Rf1 Ke8 51. e5 R8a6 52. Bc6+ Kd8 53. Rf7 Bxd4 54.
e7+ 1-0

[Event "Pojedinacno zensko prvenstvo Centralne S"]
[Site "Valjevo"]
[Date "2010.11.12"]
[Round "5.1"]
[White "Paramentic, Mila"]
[Black "Eric, Jovana"]
[Result "0-1"]
[WhiteElo "1970"]
[BlackElo "2211"]
[PlyCount "68"]
[EventDate "2010.11.08"]

1. e4 c5 2. Nc3 Nc6 3. g3 g6 4. d3 Bg7 5. Bg2 d6 6. Be3 e6 7. Qd2 Nd4 8. Nge2
Ne7 9. O-O O-O 10. Nd1 Nxe2+ 11. Qxe2 b6 12. Qd2 Bb7 13. d4 e5 14. c3 exd4 15.
cxd4 Nc6 16. dxc5 dxc5 17. Nc3 Qxd2 18. Bxd2 Ne5 19. Rfd1 Nc4 20. Rab1 Rfe8 21.
f3 Rad8 22. Be1 Bd4+ 23. Kh1 f5 24. exf5 gxf5 25. Rdc1 Ne3 26. Bf2 Nxg2 27.
Kxg2 Bxf2 28. Kxf2 Rd2+ 29. Kg1 Bxf3 30. a3 Rg2+ 31. Kf1 Rxh2 32. b4 Rd8 33.
bxc5 Rdd2 34. Ke1 Rdg2 0-1

[Event "Pojedinacno zensko prvenstvo Centralne S"]
[Site "Valjevo"]
[Date "2010.11.12"]
[Round "5.4"]
[White "Milosavljevic, Milica"]
[Black "Benderac, Ana"]
[Result "0-1"]
[WhiteElo "1866"]
[BlackElo "2283"]
[PlyCount "96"]
[EventDate "2010.11.08"]

1. c4 Nf6 2. Nc3 e6 3. g3 d5 4. cxd5 exd5 5. Bg2 c6 6. Nf3 Bd6 7. O-O O-O 8. d3
Re8 9. Re1 Nbd7 10. Qc2 Ne5 11. a3 Nxf3+ 12. Bxf3 Bg4 13. Bg2 d4 14. Ne4 Nxe4
15. dxe4 Qa5 16. Qd2 Qh5 17. f3 Be6 18. Qg5 Qxg5 19. Bxg5 Bb3 20. Bd2 c5 21.
Rac1 Rac8 22. f4 f6 23. Rf1 b5 24. Bh3 Rc7 25. Ba5 Rce7 26. Bg2 c4 27. Bd2 Bc5
28. Kh1 Rxe4 29. Bxe4 Rxe4 30. Rfe1 f5 31. Kg2 Bb6 32. h3 a5 33. g4 g6 34. gxf5
gxf5 35. Kf3 Kf7 36. Rg1 c3 37. bxc3 Bd5 38. Rg5 Kf6 39. Kg3 Rxe2 40. Rd1 h6
41. h4 hxg5 42. fxg5+ Kg6 43. Bf4 Rg2+ 44. Kh3 Ra2 45. Bd6 Bf3 46. Rb1 d3 47.
Bf4 Bg4+ 48. Kg3 Bf2+ 0-1

[Event "Pojedinacno zensko prvenstvo Centralne S"]
[Site "Valjevo"]
[Date "2010.11.12"]
[Round "5.3"]
[White "Urosevic, Marija"]
[Black "Maksimovic, Suzana"]
[Result "1/2-1/2"]
[WhiteElo "2061"]
[BlackElo "2208"]
[PlyCount "109"]
[EventDate "2010.11.08"]

1. d4 g6 2. c4 Bg7 3. e4 d6 4. Nc3 Nc6 5. d5 Nd4 6. Be3 e5 7. dxe6 Nxe6 8. Qd2
Nf6 9. f3 O-O 10. Nh3 c6 11. Nf2 Qa5 12. g4 Rd8 13. g5 Nd7 14. Be2 a6 15. Ng4
b5 16. Nh6+ Bxh6 17. gxh6 Ndc5 18. Rd1 b4 19. Nb1 Rb8 20. b3 Qc7 21. Qb2 Qe7
22. h4 Nd7 23. Bg5 f6 24. Be3 Bb7 25. Kf2 c5 26. Nd2 Ne5 27. Rh2 Nc6 28. f4
Ned4 29. Bd3 Bc8 30. Rg1 Kh8 31. h5 g5 32. fxg5 Ne5 33. Bxd4 cxd4 34. Qxd4 fxg5
35. Rhg2 Qf6+ 36. Ke1 Bg4 37. Rf2 Nxd3+ 38. Qxd3 Qa1+ 39. Qb1 Qxb1+ 40. Nxb1
Bxh5 41. Rxg5 Bg6 42. Nd2 Re8 43. Re2 Kg8 44. Kf2 Kf7 45. Ke3 Ke6 46. Kd4 Rf8
47. Ra5 Rb6 48. c5 Rc6 49. cxd6 Rxd6+ 50. Rd5 Rc6 51. Re5+ Kd7 52. Nc4 Rf1 53.
Rd5+ Ke6 54. Re5+ Kd7 55. Rd5+ 1/2-1/2

[Event "Pojedinacno zensko prvenstvo Centralne S"]
[Site "Valjevo"]
[Date "2010.11.12"]
[Round "5.2"]
[White "Milosavljevic, Marija"]
[Black "Petrovic, Marija"]
[Result "0-1"]
[WhiteElo "1910"]
[BlackElo "2214"]
[PlyCount "160"]
[EventDate "2010.11.08"]

1. Nc3 d5 2. e4 dxe4 3. Nxe4 Qd5 4. Nc3 Qd6 5. d4 Nf6 6. h3 a6 7. Nf3 Nc6 8.
Be3 Bf5 9. Bd3 Bxd3 10. Qxd3 e6 11. O-O Nb4 12. Qd2 Nbd5 13. Nxd5 Qxd5 14. Qd3
Be7 15. Rfe1 b5 16. Bf4 Bd6 17. Be5 c5 18. Bxf6 gxf6 19. Qe4 Qxe4 20. Rxe4 c4
21. a4 Kd7 22. axb5 axb5 23. Ree1 Rhg8 24. Kf1 Kc6 25. Nd2 Bb4 26. c3 Be7 27.
Ne4 Kd5 28. Ng3 Rge8 29. Ke2 b4 30. Nf1 Kc6 31. Ne3 Kb5 32. Kd2 Bd6 33. g3 h5
34. Ng2 Reb8 35. Ke3 Ra4 36. Rxa4 Kxa4 37. Nf4 Bxf4+ 38. Kxf4 Kb3 39. Ke3 Kxb2
40. cxb4 Rxb4 41. Re2+ Kc3 42. g4 hxg4 43. h4 Rb5 44. Re1 Kc2 45. Re2+ Kc3 46.
Re1 Rh5 47. Rc1+ Kb3 48. Rb1+ Kc2 49. Rh1 f5 50. Rh2 Kb3 51. Rh1 c3 52. Kd3 c2
53. Kd2 Kc4 54. Kxc2 Kxd4 55. Kd2 Ke4 56. Ke2 Kf4 57. Rh2 g3 58. Rg2 gxf2 59.
Rxf2+ Kg3 60. Ke3 Rxh4 61. Rf3+ Kg4 62. Rf4+ Kg5 63. Rf1 Re4+ 64. Kd3 e5 65.
Rf2 Rg4 66. Ke3 Rg3+ 67. Ke2 Kg4 68. Rf1 f4 69. Ra1 e4 70. Ra4 f5 71. Ra8 Rg2+
72. Kf1 Rc2 73. Ke1 f3 74. Rg8+ Kf4 75. Ra8 Re2+ 76. Kf1 Rb2 77. Kg1 e3 78.
Ra4+ Kg3 79. Ra1 Rg2+ 80. Kh1 Rh2+ 0-1

[Event "Pojedinacno zensko prvenstvo Centralne S"]
[Site "Valjevo"]
[Date "2010.11.13"]
[Round "6.2"]
[White "Maksimovic, Suzana"]
[Black "Milosavljevic, Milica"]
[Result "1-0"]
[WhiteElo "2208"]
[BlackElo "1866"]
[PlyCount "97"]
[EventDate "2010.11.08"]

1. d4 c5 2. c3 e6 3. Nf3 b6 4. Bf4 Bb7 5. e3 Nf6 6. h3 Be7 7. Nbd2 Nc6 8. Bd3
O-O 9. O-O d6 10. Qe2 cxd4 11. exd4 Rc8 12. Rfe1 d5 13. Ne5 Nxe5 14. Bxe5 Bd6
15. Rad1 Qe7 16. Bb1 Bxe5 17. Qxe5 Qc7 18. Qg5 h6 19. Qh4 Rfe8 20. f4 Nd7 21.
Re3 Qd8 22. Qh5 Nf6 23. Qe2 Qd6 24. Rf1 Bc6 25. g4 Nd7 26. g5 hxg5 27. fxg5 Re7
28. Qh5 f5 29. Bd3 Nf8 30. Qe2 Rcc7 31. Re1 g6 32. Re5 Rh7 33. Qg2 Rh8 34. Nf3
Rch7 35. h4 Be8 36. Kf2 Bf7 37. Qg3 Nd7 38. R5e2 Qxg3+ 39. Kxg3 Kg7 40. Bb5 Nb8
41. Rxe6 Bxe6 42. Rxe6 a6 43. Be8 Kf8 44. Ne5 f4+ 45. Kf3 Rg8 46. Nxg6+ Rxg6
47. Bxg6 Rxh4 48. Bf5 Rh2 49. Rxb6 1-0

[Event "Pojedinacno zensko prvenstvo Centralne S"]
[Site "Valjevo"]
[Date "2010.11.13"]
[Round "6.3"]
[White "Petrovic, Marija"]
[Black "Urosevic, Marija"]
[Result "0-1"]
[WhiteElo "2214"]
[BlackElo "2061"]
[PlyCount "124"]
[EventDate "2010.11.08"]

1. d4 Nf6 2. Nf3 e6 3. e3 b6 4. Bd3 Bb7 5. O-O c5 6. c4 g6 7. Nc3 Bg7 8. Re1
O-O 9. Bf1 cxd4 10. exd4 d5 11. cxd5 Nxd5 12. Bg5 Nxc3 13. bxc3 Qc7 14. Re3 Nd7
15. a4 Nf6 16. Bxf6 Bxf6 17. a5 Rfd8 18. axb6 axb6 19. Rxa8 Rxa8 20. h3 Bg7 21.
c4 Rd8 22. d5 exd5 23. cxd5 Rxd5 24. Re8+ Bf8 25. Qb3 Rd8 26. Rxd8 Qxd8 27. Ne5
Bd5 28. Qd3 Qd6 29. Ng4 Bc6 30. Qb3 h5 31. Ne3 Qb4 32. Qd1 Bc5 33. Nd5 Qb2 34.
Ne3 Qd4 35. Qb3 Qa1 36. g3 Qa3 37. Qxa3 Bxa3 38. Nc4 Bc5 39. Ne5 Bd5 40. Bd3
Kg7 41. Kf1 Bd4 42. f4 Kf6 43. Nc4 b5 44. Nd2 b4 45. Bc2 Be3 46. Ne4+ Ke7 47.
Ke2 Bb6 48. Nd2 Kd6 49. Ne4+ Kc6 50. Ba4+ Kc7 51. Nd2 Bd4 52. g4 hxg4 53. hxg4
Bc3 54. Kd3 Bxd2 55. Kxd2 Be6 56. Bd1 Kd6 57. Kd3 Kc5 58. Bf3 Bc4+ 59. Kd2 Kd4
60. Bg2 Bd3 61. Kc1 Kc3 62. Bd5 b3 0-1

[Event "Pojedinacno zensko prvenstvo Centralne S"]
[Site "Valjevo"]
[Date "2010.11.13"]
[Round "6.4"]
[White "Paramentic, Mila"]
[Black "Milosavljevic, Marija"]
[Result "1/2-1/2"]
[WhiteElo "1970"]
[BlackElo "1910"]
[PlyCount "174"]
[EventDate "2010.11.08"]

1. e4 d5 2. exd5 Qxd5 3. Nc3 Qa5 4. d4 c6 5. Bd3 Nf6 6. Nf3 Bg4 7. h3 Bxf3 8.
Qxf3 e6 9. O-O Bd6 10. Ne4 Nxe4 11. Qxe4 Nd7 12. Qg4 O-O-O 13. c4 h5 14. Qe2 g5
15. c5 Be7 16. g3 Rdg8 17. Kg2 Qc7 18. b4 Nf6 19. a4 Nd5 20. b5 Rg7 21. Bd2 Bf6
22. Qe4 Qd7 23. bxc6 Qxc6 24. Kh2 Rd8 25. Bb5 Qc7 26. Rfc1 h4 27. a5 hxg3+ 28.
fxg3 Kb8 29. a6 Rh8 30. Kg2 Nf4+ 31. Bxf4 gxf4 32. g4 Rxg4+ 33. hxg4 f3+ 34.
Qxf3 Rh2+ 35. Kf1 Bxd4 36. Qxb7+ Qxb7 37. axb7 Bxa1 38. Kg1 Be5 39. c6 Rd2 40.
Rf1 Bd4+ 41. Kh1 Rf2 42. Rd1 Rf4 43. Be2 e5 44. Rb1 Bb6 45. Rb5 Bc7 46. Kg2 f6
47. Rb1 Bb6 48. Rh1 Rd4 49. Rh8+ Rd8 50. Rh6 Rf8 51. Bd3 Bd8 52. Bf5 Rg8 53.
Kf3 Rf8 54. Ke4 Bc7 55. Bd7 Bb6 56. Kf5 Bd8 57. Ke4 Kc7 58. Rh7 Kb8 59. Kd5 Bc7
60. Rh6 Bb6 61. Rh7 Bc7 62. Rh6 Ba5 63. Ke6 Bc3 64. Kf5 Kc7 65. Rh7 Kb8 66. Be6
Ba5 67. Bd5 Bc7 68. Rg7 Bb6 69. Ke6 Ba5 70. Be4 Bb6 71. Ke7 Bc5+ 72. Kd7 Bb6
73. Ke6 Ba5 74. Rd7 Bb6 75. Kd6 Rd8 76. Ke7 Rg8 77. Bf5 Rg7+ 78. Kxf6 Rxd7 79.
cxd7 Bd8+ 80. Kxe5 Kxb7 81. Kf4 a5 82. g5 Kc7 83. g6 Bf6 84. Be6 a4 85. Kf5 Bg7
86. d8=Q+ Kxd8 87. Ba2 Ke7 1/2-1/2

[Event "Pojedinacno zensko prvenstvo Centralne S"]
[Site "Valjevo"]
[Date "2010.11.14"]
[Round "7.2"]
[White "Urosevic, Marija"]
[Black "Paramentic, Mila"]
[Result "1/2-1/2"]
[WhiteElo "2061"]
[BlackElo "1970"]
[PlyCount "27"]
[EventDate "2010.11.08"]

1. d4 d5 2. Nf3 Nf6 3. c4 e6 4. Nc3 Nbd7 5. Bg5 Be7 6. e3 b6 7. cxd5 Nxd5 8.
Nxd5 exd5 9. Bxe7 Qxe7 10. Qb3 Bb7 11. Bb5 c6 12. Be2 O-O 13. O-O Nf6 14. Rac1
1/2-1/2

[Event "Pojedinacno zensko prvenstvo Centralne S"]
[Site "Valjevo"]
[Date "2010.11.14"]
[Round "7.1"]
[White "Milosavljevic, Marija"]
[Black "Eric, Jovana"]
[Result "0-1"]
[WhiteElo "1910"]
[BlackElo "2211"]
[PlyCount "30"]
[EventDate "2010.11.08"]

1. g3 d5 2. Bg2 c6 3. d3 Bg4 4. f3 Bh5 5. Nh3 e5 6. e4 Nf6 7. Nf2 Bc5 8. Qe2
dxe4 9. dxe4 O-O 10. Nd3 Nbd7 11. c4 Bg6 12. Be3 Bxe3 13. Qxe3 Qa5+ 14. Kf2
Bxe4 15. Bf1 Ng4+ 0-1

[Event "Pojedinacno zensko prvenstvo Centralne S"]
[Site "Valjevo"]
[Date "2010.11.14"]
[Round "7.3"]
[White "Milosavljevic, Milica"]
[Black "Petrovic, Marija"]
[Result "0-1"]
[WhiteElo "1866"]
[BlackElo "2214"]
[PlyCount "68"]
[EventDate "2010.11.08"]

1. Nc3 d5 2. e4 dxe4 3. Nxe4 Qd5 4. Nc3 Qd6 5. h3 a6 6. Nf3 Nf6 7. d4 Bf5 8.
Bd3 Bg6 9. Bxg6 hxg6 10. Bg5 Nbd7 11. Qd2 Qe6+ 12. Qe2 Qxe2+ 13. Nxe2 e6 14.
O-O Bd6 15. Bf4 Rh5 16. Bxd6 cxd6 17. Nf4 Rf5 18. Nd3 Rc8 19. c3 g5 20. Nh2 Nd5
21. Rfe1 Nf4 22. Nxf4 gxf4 23. Rac1 Ke7 24. f3 Nb6 25. Ng4 Ra5 26. a3 Nc4 27.
Re2 Rb5 28. Rcc2 f6 29. Nf2 e5 30. dxe5 dxe5 31. Nd3 Kf7 32. a4 Rd5 33. Nb4
Rd1+ 34. Kh2 Ne3 0-1